| 000 | 00927nam a22002177a 4500 | ||
|---|---|---|---|
| 003 | OSt | ||
| 005 | 20240802221308.0 | ||
| 008 | 240802b |||||||| |||| 00| 0 eng d | ||
| 020 | _a9589172288 | ||
| 040 |
_aCO-UdeC _besp _cCO-UdeC _dCO-UdeC |
||
| 082 | 0 | 4 |
_b863 _aC355 |
| 100 | 1 |
_aCastro García, Oscar _92671 _d1950- |
|
| 245 | 1 | 4 |
_a¡Ah mar amargo! / _cOscar Castro García. |
| 260 | 3 |
_aMedellín : _bInstituto para el desarrollo de Antioquia-IDEA-, _c1997. |
|
| 300 |
_a149 p. ; _c24 cm. |
||
| 490 | 0 |
_aColección autores antioqueños ; _v109. |
|
| 505 | 0 | 0 | _aSanta Marta, febrero de 1991 -- Llegada -- Cita -- Reencuentro -- Caída -- Expulsión -- Asilo -- Castigo -- Santa Marta, 13 de junio de 1990 -- Huida -- Santa Marta, enero de 1993 -- Amenaza -- La playa -- Viaje -- Santa Marta, noviembre de 1994. |
| 650 | 0 | 4 |
_aAutores colombianos _92422 |
| 650 | 0 | 4 |
_aLiteratura colombiana _9269 |
| 942 |
_2ddc _cBK _h863 C355 _n0 |
||
| 999 |
_c1872 _d1872 |
||